000 01055nam a2200241Ia 4500
003 CO-CtgCURN
005 20250826191225.0
008 230315s1997 xx 000 0 und d
040 _aCO-CtgCURN
_bspa
_ccoctgcurn
082 _aCo863.44
_bP695c
100 _aPizarro Vidal, Joaquín
_eautor
_96814
245 0 _aCuentos de verdad verdad /
_cJoaquín Pizarro Vidal; prólogo., Armando Arrazola Madrid
260 _aColombia :
_bOmega Impresores,
_c1997
300 _a93 páginas ;
_c21 centímetros
500 _aIncluye índice
505 _aDon Severiano. El Gamonal de mi pueblo -- El ciego de don Fernando -- Servicio completo -- El nazarenito -- Ño Ceferino. El ñequero -- El derecho del clavo -- Pesca milagrosa -- Odisea de un viaje a Maicao
521 _aAREA BASICA
590 _aTodos los Programas académicos
650 _aCuentos colombianos
_96815
700 _aArrazola Madrid, Armando
_eprólogo
942 _cBK
_hCo863.44
_iP695c
_2ddc
_n0
999 _c30820
_d30820